Fußball: Trainer-Tic Tac Toe - Statistiken

Allgemein
  • Dieses Quiz wurde 271 mal gespielt
  • Das Durchschnittsergebnis liegt bei 5 aus 9
Antwortstatistiken
Vereine Trainer (u. a.) % Korrekt
FCB/BVB Udo Lattek, Ottmar Hitzfeld, Niko Kovac, Thomas Tuchel
99%
FCB/SGE Jupp Heynckes, Felix Magath, Niko Kovac
85%
BMG/BVB Lucien Favre, Marco Rose, Udo Lattek, Bernd Krauss
79%
FCB/BSC Otto Rehhagel, Jürgen Klinsmann, Felix Magath
65%
VFB/BSC Bruno Labbadia, Tayfun Korkut, Felix Magath, Huub Stevens
48%
BMG/SGE Friedel Rausch, Jupp Heynckes, Adi Hütter
45%
BMG/BSC Hans Meyer, Jos Luhukay, Lucien Favre
44%
VFB/SGE Armin Veh, Felix Magath, Christoph Daum
40%
VFB/BVB Branko Zebec, Jürgen Röber, Matthias Sammer
25%
Keine übereinstimmenden Quizze gefunden
Verteilung der Resultate
Anzahl Personen mit jedem Resultat
Perzentil nach korrekt beantworteten Fragen
Ihre Resultats-Entwicklung
Sie haben dieses Quiz noch nicht gespielt